[Event "St Petersburg Korchnoi Memorial op"]
[Site "St Petersburg"]
[Date "2019.08.17"]
[Round "4"]
[White "Zolotyh, Lev"]
[Black "Moroz, Anastasiya"]
[Result "1-0"]
[WhiteElo "1919"]
[BlackElo "1665"]
[PlyCount "123"]
[EventDate "2019.08.14"]
[EventType "swiss"]
[EventRounds "9"]
[EventCountry "RUS"]
[SourceTitle "CBM 192"]
[Source "ChessBase"]
[SourceDate "2019.10.31"]
[SourceVersion "1"]
[SourceVersionDate "2019.10.31"]
[SourceQuality "1"]

1. e4 e6 2. d4 d5 3. Nd2 c5 4. Ngf3 Qb6 5. exd5 exd5 6. Qe2+ Be7 7. dxc5 Qxc5 8. Nb3 Qc7 9. Bg5 Nc6 10. 0-0-0 Be6 11. Bxe7 Ngxe7 12. Nfd4 Nxd4 13. Nxd4 Rc8 14. g3 a6 15. Nxe6 fxe6 16. Bh3 Qc4 17. Qxc4 Rxc4 18. Bxe6 Rf8 19. f4 Rf6 20. Bxd5 Nxd5 21. Rxd5 Re6 22. Rhd1 Rc7 23. c3 Re2 24. R5d2 Ree7 25. Rd8+ Kf7 26. R8d6 Ke8 27. Kc2 Re2+ 28. R6d2 Ree7 29. Rf1 Rc6 30. Rff2 Rce6 31. Rd1 Re3 32. Rfd2 Rc7 33. Rd5 Re2+ 34. R1d2 Re6 35. Re5 Rxe5 36. fxe5 Ke7 37. Re2 Ke6 38. b3 g6 39. a4 Rc5 40. Kd3 Rc7 41. b4 b5 42. axb5 axb5 43. Ra2 Kxe5 44. Ra5 Rd7+ 45. Kc2 Rb7 46. c4 Kd4 47. Rxb5 Rc7 48. c5 Kc4 49. Rb6 Rf7 50. c6 Rf2+ 51. Kd1 Kd3 52. Ke1 Rc2 53. b5 g5 54. Rb7 Rc1+ 55. Kf2 g4 56. Rd7+ Ke4 57. c7 Rc2+ 58. Ke1 Ke3 59. Kd1 Rc5 60. b6 Rc6 61. b7 Rf6 62. b8Q 1-0

[Event "St Petersburg Korchnoi Memorial op"]
[Site "St Petersburg"]
[Date "2019.08.16"]
[Round "3"]
[White "Podolskii, Mikhail"]
[Black "Zolotyh, Lev"]
[Result "1-0"]
[WhiteElo "1557"]
[BlackElo "1919"]
[PlyCount "77"]
[EventDate "2019.08.14"]
[EventType "swiss"]
[EventRounds "9"]
[EventCountry "RUS"]
[SourceTitle "CBM 192"]
[Source "ChessBase"]
[SourceDate "2019.10.31"]
[SourceVersion "1"]
[SourceVersionDate "2019.10.31"]
[SourceQuality "1"]

1. d4 d5 2. Nf3 Nf6 3. e3 Bf5 4. c4 c6 5. Qb3 Qb6 6. Nc3 e6 7. Be2 Nbd7 8. 0-0 Be7 9. Bd2 0-0 10. Rac1 Rac8 11. h3 Ne4 12. Nxe4 Bxe4 13. Bc3 Rfe8 14. Ne5 Nxe5 15. dxe5 Bc5 16. Bd2 h6 17. Qc3 d4 18. exd4 Bxd4 19. Qg3 Qxb2 20. Bxh6 Bxe5 21. Bf4 Bxf4 22. Qxf4 Qxe2 23. Rfe1 Qxa2 24. Qxe4 Red8 25. Ra1 Qd2 26. Rxa7 Rd4 27. Qe3 Rxc4 28. Rxb7 Rc2 29. Rxf7 Qxe1+ 30. Qxe1 Kxf7 31. Qd1 c5 32. Qxc2 c4 33. f3 c3 34. Kf2 Rc7 35. Ke3 Kf6 36. f4 g6 37. g4 e5 38. fxe5+ Kxe5 39. Qh2+ 1-0

[Event "St Petersburg Korchnoi Memorial op"]
[Site "St Petersburg"]
[Date "2019.08.15"]
[Round "2"]
[White "Zolotyh, Lev"]
[Black "Oskin, Iakov"]
[Result "1/2-1/2"]
[WhiteElo "1919"]
[BlackElo "1507"]
[PlyCount "91"]
[EventDate "2019.08.14"]
[EventType "swiss"]
[EventRounds "9"]
[EventCountry "RUS"]
[SourceTitle "CBM 192"]
[Source "ChessBase"]
[SourceDate "2019.10.31"]
[SourceVersion "1"]
[SourceVersionDate "2019.10.31"]
[SourceQuality "1"]

1. e4 c5 2. Nf3 d6 3. d4 cxd4 4. Nxd4 Nf6 5. Nc3 Nc6 6. Be2 g6 7. Be3 Bg7 8. f3 0-0 9. Qd2 d5 10. 0-0-0 Nxd4 11. Qxd4 e6 12. Qb4 b6 13. exd5 Nxd5 14. Nxd5 exd5 15. Bd4 Qg5+ 16. Kb1 Qxg2 17. Bd3 Qxf3 18. h4 Bxd4 19. Qxd4 Qh5 20. Rdg1 h6 21. Qf6 Bg4 22. Rg3 Rae8 23. Rhg1 Re6 24. Qd4 Be2 25. Bxe2 Qxe2 26. Qxd5 Qe1+ 27. Qd1 Rfe8 28. Rxe1 Rxe1 29. Kc1 Rxd1+ 30. Kxd1 Kg7 31. Rd3 Re7 32. c4 g5 33. hxg5 hxg5 34. b4 f5 35. c5 bxc5 36. bxc5 g4 37. Rc3 f4 38. c6 Rc7 39. Rc4 g3 40. Rxf4 Rxc6 41. Rg4+ Rg6 42. Rxg6+ Kxg6 43. Ke2 Kg5 44. Kf3 Kh4 45. Kg2 a5 46. a4 1/2-1/2

[Event "St Petersburg Korchnoi Memorial op"]
[Site "St Petersburg"]
[Date "2019.08.14"]
[Round "1"]
[White "Kovalchuk, Alexey"]
[Black "Zolotyh, Lev"]
[Result "1-0"]
[WhiteElo "2383"]
[BlackElo "1919"]
[PlyCount "63"]
[EventDate "2019.08.14"]
[EventType "swiss"]
[EventRounds "9"]
[EventCountry "RUS"]
[SourceTitle "CBM 192"]
[Source "ChessBase"]
[SourceDate "2019.10.31"]
[SourceVersion "1"]
[SourceVersionDate "2019.10.31"]
[SourceQuality "1"]

1. e4 e5 2. Nf3 Nc6 3. Bc4 Nf6 4. d3 Bc5 5. c3 Bb6 6. 0-0 h6 7. Nbd2 0-0 8. Re1 d6 9. Nf1 Be6 10. Bb3 Qd7 11. Bc2 Rfe8 12. Ng3 Rad8 13. h3 Ne7 14. d4 exd4 15. cxd4 c6 16. Bd2 Ng6 17. Qc1 Nf8 18. Bc3 Qe7 19. Nh4 Ng6 20. Nhf5 Qc7 21. a4 Bxf5 22. exf5 Rxe1+ 23. Qxe1 Nf4 24. a5 Re8 25. Qd2 N4d5 26. axb6 axb6 27. Re1 Qd7 28. Qc1 Re7 29. Bd2 Qe8 30. Rxe7 Qxe7 31. Qe1 Qd7 32. Ne4 1-0

[Event "Chigorin Memorial 26th"]
[Site "St Petersburg"]
[Date "2018.11.01"]
[Round "6"]
[White "Zolotyh, Lev"]
[Black "Pogorelskikh, Sofia"]
[Result "1/2-1/2"]
[WhiteElo "1849"]
[BlackElo "2041"]
[PlyCount "83"]
[EventDate "2018.10.27"]
[EventType "swiss"]
[EventRounds "9"]
[EventCountry "RUS"]
[SourceTitle "CBM 187 Extra"]
[Source "ChessBase"]
[SourceDate "2018.11.04"]
[SourceVersion "1"]
[SourceVersionDate "2018.11.04"]
[SourceQuality "1"]

1. e4 c5 2. Nf3 d6 3. d4 cxd4 4. Nxd4 Nf6 5. Nc3 a6 6. Be2 e5 7. Nb3 Be7 8. Be3 Be6 9. f4 exf4 10. Bxf4 Nc6 11. Qd2 d5 12. e5 Ne4 13. Nxe4 dxe4 14. 0-0-0 Qxd2+ 15. Nxd2 Nd4 16. Bf1 Rc8 17. c3 Bxa2 18. Nxe4 Nb3+ 19. Kc2 Na5 20. Nd6+ Bxd6 21. Rxd6 Bb3+ 22. Kc1 Bc4 23. Bxc4 Nxc4 24. Rd5 h6 25. Re1 Ke7 26. e6 fxe6 27. b3 Nb6 28. Rd6 Rxc3+ 29. Kb2 Rc6 30. Rexe6+ Kf7 31. Rxc6 bxc6 32. Rxc6 Nd5 33. Bd2 Re8 34. Rd6 Nf6 35. Bc3 Re2+ 36. Rd2 Rxd2+ 37. Bxd2 Ne4 38. Be3 Ke6 39. Ka3 Kd5 40. Kb4 Kc6 41. Ka5 Kb7 42. Bd4 1/2-1/2

[Event "Chigorin Memorial 25th"]
[Site "St Petersburg"]
[Date "2017.10.27"]
[Round "7"]
[White "Bhambure, Shantanu"]
[Black "Zolotyh, Lev"]
[Result "1-0"]
[WhiteElo "2088"]
[BlackElo "1831"]
[PlyCount "49"]
[EventDate "2017.10.21"]
[EventType "swiss"]
[EventRounds "9"]
[EventCountry "RUS"]
[SourceTitle "CBM 181 Extra"]
[Source "ChessBase"]
[SourceDate "2017.12.12"]
[SourceVersion "1"]
[SourceVersionDate "2017.12.12"]
[SourceQuality "1"]

1. d4 d5 2. c4 c6 3. Nf3 Nf6 4. Nc3 dxc4 5. a4 Bf5 6. Ne5 Nbd7 7. Nxc4 Qc7 8. g3 e5 9. dxe5 Nxe5 10. Bf4 Nfd7 11. Bg2 0-0-0 12. 0-0 g5 13. Nd5 cxd5 14. Nxe5 gxf4 15. Nxf7 Bc5 16. Rc1 fxg3 17. Nxd8 gxh2+ 18. Kh1 Rxd8 19. Qxd5 Bg6 20. b4 Re8 21. bxc5 Nf6 22. Qd6 Qxd6 23. cxd6+ Kd7 24. Rfd1 Ne4 25. Bh3+ 1-0

[Event "St Petersburg Summer op"]
[Site "St Petersburg"]
[Date "2017.08.23"]
[Round "8"]
[White "Mochalin, Faddey"]
[Black "Zolotyh, Lev"]
[Result "1-0"]
[WhiteElo "2053"]
[BlackElo "1889"]
[PlyCount "67"]
[EventDate "2017.08.16"]
[EventType "swiss"]
[EventRounds "9"]
[EventCountry "RUS"]
[SourceTitle "CBM 180 Extra"]
[Source "ChessBase"]
[SourceDate "2017.10.06"]
[SourceVersion "1"]
[SourceVersionDate "2017.10.06"]
[SourceQuality "1"]

1. e4 e5 2. Nf3 Nc6 3. Bc4 Nf6 4. d3 Bc5 5. 0-0 a6 6. Re1 Ba7 7. a4 d6 8. c3 h6 9. Nbd2 0-0 10. h3 Re8 11. Nf1 Be6 12. Bxe6 fxe6 13. Be3 Qd7 14. Bxa7 Rxa7 15. Ng3 Raa8 16. a5 d5 17. d4 exd4 18. e5 Nh7 19. cxd4 Nf8 20. Nh2 Ng6 21. Qd2 Rf8 22. Ng4 Qe7 23. Rad1 Nf4 24. Nf6+ gxf6 25. Qxf4 fxe5 26. Qxh6 e4 27. Nh5 Kf7 28. Re3 Ke8 29. Rg3 Nd8 30. Rc1 Nf7 31. Qg6 c6 32. Rb3 Kd8 33. Ng7 Ng5 34. Qxg5 1-0

[Event "St Petersburg Summer op"]
[Site "St Petersburg"]
[Date "2017.08.20"]
[Round "5"]
[White "Zolotyh, Lev"]
[Black "Smorodkin, Kirill"]
[Result "1-0"]
[WhiteElo "1889"]
[BlackElo "1726"]
[PlyCount "95"]
[EventDate "2017.08.16"]
[EventType "swiss"]
[EventRounds "9"]
[EventCountry "RUS"]
[SourceTitle "CBM 180 Extra"]
[Source "ChessBase"]
[SourceDate "2017.10.06"]
[SourceVersion "1"]
[SourceVersionDate "2017.10.06"]
[SourceQuality "1"]

1. e4 e5 2. Nf3 Nc6 3. d4 exd4 4. Nxd4 Nf6 5. Nxc6 bxc6 6. Qe2 Qe7 7. Nc3 d6 8. Bf4 g6 9. g3 a5 10. Bg2 Bb7 11. 0-0-0 0-0-0 12. Rhe1 Bg7 13. e5 dxe5 14. Qxe5 Qxe5 15. Bxe5 Rhe8 16. f4 Nh5 17. Bxg7 Nxg7 18. Rxd8+ Kxd8 19. Rxe8+ Nxe8 20. Na4 Ke7 21. Nc5 Ba8 22. Nb3 a4 23. Nc5 Kd6 24. Nxa4 Bb7 25. Nc3 f5 26. Kd2 Nf6 27. Bf3 Kc5 28. Ne2 Ng8 29. c3 Ne7 30. Nd4 Kd6 31. c4 Ba6 32. Kc3 Bb7 33. b4 Ba6 34. a3 Bc8 35. a4 Kd7 36. Nb3 Bb7 37. Nc5+ Kc8 38. Kd4 Ba8 39. Ke5 h6 40. Kf6 Kd8 41. Ne6+ Kd7 42. Nf8+ Ke8 43. Nxg6 Nc8 44. Ne5 Nd6 45. c5 Ne4+ 46. Kxf5 Nc3 47. Kg6 Nxa4 48. f5 1-0

[Event "St Petersburg Summer op"]
[Site "St Petersburg"]
[Date "2017.08.16"]
[Round "1"]
[White "Zolotyh, Lev"]
[Black "Karasev, Vladimir I"]
[Result "0-1"]
[WhiteElo "1889"]
[BlackElo "2343"]
[PlyCount "120"]
[EventDate "2017.08.16"]
[EventType "swiss"]
[EventRounds "9"]
[EventCountry "RUS"]
[SourceTitle "CBM 180 Extra"]
[Source "ChessBase"]
[SourceDate "2017.10.06"]
[SourceVersion "1"]
[SourceVersionDate "2017.10.06"]
[SourceQuality "1"]

1. e4 c5 2. Nf3 e6 3. d4 cxd4 4. Nxd4 Qb6 5. Nc3 Bc5 6. Na4 Qa5+ 7. c3 Bxd4 8. Qxd4 Nf6 9. b3 Nc6 10. Qe3 Qe5 11. Bd3 b5 12. f4 Qb8 13. Nb2 e5 14. 0-0 d6 15. h3 0-0 16. f5 a6 17. Qg3 Kh8 18. Qh4 Qb6+ 19. Kh2 Ne7 20. g4 d5 21. g5 Nxe4 22. Bxe4 dxe4 23. g6 Nxg6 24. fxg6 Qxg6 25. Rg1 Qe6 26. Be3 f5 27. Rad1 f4 28. Bc5 Re8 29. Rd6 Qf7 30. Nd1 e3 31. Rdg6 Rg8 32. R6g5 Bf5 33. b4 Rae8 34. Qh5 Qxh5 35. Rxh5 g6 36. Rhg5 h6 37. R5g2 Kg7 38. Re2 Bd3 39. Reg2 Kf6 40. Bxe3 fxe3 41. Nxe3 Ke6 42. Rd2 Rd8 43. Rgd1 e4 44. Ng4 Rc8 45. Nxh6 Rgf8 46. Rg1 Kd5 47. Rxg6 Kc4 48. Rxa6 Kxc3 49. Rg2 Kxb4 50. Ng4 Kc3 51. Ne5 Rf5 52. Ng4 Kd4 53. Rd6+ Rd5 54. Re6 Rc2 55. Nf2 Rxa2 56. h4 b4 57. Rb6 Kc4 58. Rc6+ Kd4 59. Nxd3 Rxg2+ 60. Kxg2 exd3 0-1

[Event "Chigorin Memorial 24th"]
[Site "St Petersburg"]
[Date "2016.10.22"]
[Round "8"]
[White "Zolotyh, Lev"]
[Black "Astakhov, Dmitrii"]
[Result "1-0"]
[WhiteElo "1767"]
[BlackElo "1456"]
[PlyCount "53"]
[EventDate "2016.10.15"]
[EventType "swiss"]
[EventRounds "9"]
[EventCountry "RUS"]
[SourceTitle "CBM 175 Extra"]
[Source "ChessBase"]
[SourceDate "2016.12.12"]
[SourceVersion "1"]
[SourceVersionDate "2016.12.12"]
[SourceQuality "1"]

1. e4 d5 2. exd5 Qxd5 3. Nc3 Qa5 4. d4 Nf6 5. Nf3 Bg4 6. h3 Bh5 7. g4 Bg6 8. Ne5 e6 9. Bg2 c6 10. 0-0 Bd6 11. f4 Bxe5 12. dxe5 Nd5 13. Nxd5 cxd5 14. f5 h5 15. fxg6 fxg6 16. Qf3 Nd7 17. Qf7+ Kd8 18. Qxe6 Qb6+ 19. Qxb6+ axb6 20. Bg5+ Kc7 21. e6 Nc5 22. Bxd5 Rhf8 23. Bf4+ Kc8 24. e7 Re8 25. b4 Nd7 26. Bd6 Ra3 27. Be6 1-0

[Event "Chigorin Memorial 24th"]
[Site "St Petersburg"]
[Date "2016.10.15"]
[Round "1"]
[White "Danielyan, Vahe"]
[Black "Zolotyh, Lev"]
[Result "1-0"]
[WhiteElo "2270"]
[BlackElo "1767"]
[PlyCount "101"]
[EventDate "2016.10.15"]
[EventType "swiss"]
[EventRounds "9"]
[EventCountry "RUS"]
[SourceTitle "CBM 175 Extra"]
[Source "ChessBase"]
[SourceDate "2016.12.12"]
[SourceVersion "1"]
[SourceVersionDate "2016.12.12"]
[SourceQuality "1"]

1. e4 e5 2. Nf3 Nc6 3. Nc3 Nf6 4. Be2 Be7 5. 0-0 0-0 6. d4 exd4 7. Nxd4 d5 8. Nxc6 bxc6 9. e5 Ne8 10. Bf3 Ba6 11. Re1 Rb8 12. Ne2 f6 13. Nd4 Qd7 14. Nxc6 Rb5 15. Bxd5+ Kh8 16. Nxe7 Qxe7 17. c4 Rb8 18. exf6 Qxf6 19. Be3 c6 20. Bd4 Qh6 21. Be3 Qg6 22. Bf3 Rxb2 23. Bc5 Rg8 24. Bh5 Qf5 25. Qd4 Rb8 26. Bg4 Qf6 27. Be6 Qxd4 28. Bxd4 Rf8 29. Bxa7 Ra8 30. Bc5 Rf4 31. g3 Rf6 32. Be7 Rf3 33. Kg2 Rc3 34. Bb4 Rc2 35. Rec1 Re2 36. Bg4 Re4 37. Bf3 Rxc4 38. Rxc4 Bxc4 39. Bxc6 Rc8 40. Bf3 Rb8 41. Bc3 Nf6 42. a4 Bd5 43. Bxf6 Bxf3+ 44. Kxf3 gxf6 45. a5 Kg8 46. a6 Kf7 47. a7 Ra8 48. Ke4 Ke6 49. Ra6+ Ke7 50. Kd5 Kd7 51. Rxf6 1-0